[Event "Maastricht Limburg op-B 9th"]
[Site "Maastricht"]
[Date "2015.05.24"]
[Round "4"]
[White "Heuts, John"]
[Black "Zatyko, Ferry"]
[Result "1-0"]
[WhiteElo "1880"]
[BlackElo "1777"]
[PlyCount "64"]
[EventDate "2015.05.22"]
[EventType "swiss"]
[EventRounds "7"]
[EventCountry "NED"]
[SourceTitle "EXT 2016"]
[Source "ChessBase"]
[SourceDate "2015.10.08"]
[SourceVersion "1"]
[SourceVersionDate "2015.10.08"]
[SourceQuality "1"]

1. c4 c5 2. Nc3 g6 3. g3 Bg7 4. Bg2 Nc6 5. Nf3 Nf6 6. 0-0 0-0 7. d3 d5 8. cxd5 Nxd5 9. Bd2 Nxc3 10. Bxc3 e5 11. Qc2 Rb8 12. Rab1 Be6 13. b4 cxb4 14. Bxb4 Nxb4 15. Rxb4 Bd5 16. Nd2 Bxg2 17. Kxg2 Qd5+ 18. f3 Rfc8 19. Rc4 Rxc4 20. Qxc4 Qxc4 21. Nxc4 Rc8 22. Rb1 b6 23. a4 f6 24. Rb5 Kf7 25. h4 Ke7 26. a5 Rc5 27. axb6 axb6 28. Rxb6 Rc7 29. g4 Ra7 30. h5 Bh6 31. Kf2 gxh5 32. Nxe5 hxg4 1-0